Statistics for Top 50 Universities Worldwide

Click here to take the quiz!

General Stats

  • This quiz has been taken 21 times
  • The average score is 19 of 50

Answer Stats

RankUniversity% Correct
3Harvard University
95%
5University of Oxford
95%
15Yale University
89%
2Stanford University
84%
1Massachusetts Institute of Technology
79%
6University of Cambridge
79%
13Princeton University
68%
10University College London
68%
32University of California, Los Angeles
68%
19University of Pennsylvania
68%
9University of Chicago
63%
14Cornell University
58%
26Duke University
58%
43New York University
58%
27University of California, Berkeley
58%
16Columbia University
53%
34Northwestern University
53%
20University of Michigan
53%
42University of Sydney
53%
23University of Tokyo
53%
39University of Melbourne
47%
21Johns Hopkins University
42%
28University of Toronto
42%
38London School of Economics and Political Science
37%
33McGill University
37%
25University of Hong Kong
37%
4California Institute of Technology
32%
35Kyoto University
32%
41University of California, San Diego
32%
29University of Manchester
32%
8Imperial College London
26%
31King's College London
26%
18University of Edinburgh
26%
46Carnegie Mellon University
21%
36Seoul National University
21%
47University of British Columbia
21%
45University of New South Wales
16%
7ETH Zurich
11%
48University of Queensland
11%
24Australian National University
5%
22Ecole Polytechnique Federale de Lausanne
5%
44Fudan University
5%
37Hong Kong University of Science and Technology
5%
40Korea Advanced Institute of Science & Technology
5%
12Nanyang Technological University
5%
11National University of Singapore
5%
30Peking University
5%
17Tsinghua University
5%
49Chinese University of Hong Kong
0%
50Université PSL
0%

Score Distribution

Percentile by Number Answered

Percent of People with Each Score

Your Score History

You have not taken this quiz